Nie sme antifilmový národ

Bibliographic Details
Main Authors: Michalková, Eva (Author, Interviewer), Pauhofová, Táňa, 1983- (Author)
Format: Article
Language:Slovak
PhysicalDescription:Fotogr.
ISSN:1335-8286
Subjects:

MARC

LEADER 00000nab a2200000 ar4500
001 vtls008954632
003 SK-MaSNL
005 20260303070325.0
008 070313c2007 xo mr|p|||||||000 b|slo
015 |a SNBRB2007/03  |2 snkbucl 
038 |a SNKBUCL 
040 |a SNKBUCL  |b slo  |c SNKBUCL  |e AACR2 
041 0 |a slo 
044 |a xo  |c SK 
080 |a 791.635  |2 2001 
100 1 |a Michalková, Eva  |4 ivr  |4 aut  |9 12779 
245 1 0 |a Nie sme antifilmový národ  |c Eva Michalková, Táňa Pauhofová 
300 |b Fotogr. 
600 1 7 |a Pauhofová, Táňa,  |d 1983-   |2 snkbucl  |9 103520 
655 7 |a rozhovory  |2 snkbucl  |9 31831 
700 1 |a Pauhofová, Táňa,  |d 1983-  |4 ive  |4 aut  |9 103520 
773 0 |t Film.sk  |g Roč. 8, č. 3 (2007), s. 22-25  |x 1335-8286 
852 |a SNK  |b KIS3GCP 
958 |a SK 
999 |c 1754884  |d 1756814